000 00923nam0a22002891 4500
001 v19\rc\1297906
005 20260407083301.0
035 _a(NLR Aleph) 004444015
090 _a4434995
_c4434995
100 _a20060306d1864 |||y0rusy50 ca
101 0 _arus
102 _aRU
105 _ay z |||||
200 1 _aСписки начальствующих, наставников и студентов Московской духовной академии. (1814-1864)
210 _a[Москва]
_dценз. 1864
215 _a[2], 85 с.
_d21
710 0 2 _aМосковская духовная академия
_3RU\NLR\AUTH\8810082
_9292710
801 0 _aRU
_bNLR
_gpsbo
801 0 _aRU
_bRuMoRGB
_2psbo
801 1 _aRU
_bProSoft-M
_2rusmarc
852 _aNLR
_j18.116.5.210
899 _aRuMoRGB
_jO 53/307
899 _aБАН
899 _aНБ СПбГУ
899 _aНБ МГУ
942 _cBOOK
980 _aNB